Pays de l’UE et de l’OTAN - Whammies - Statistiques

Statistiques générales
  • Ce quiz a été pris 129 fois
  • Le résultat moyen est 13 sur 23
Statistiques - réponses
Réponse % Correct
France
99%
Espagne
86%
Allemagne
80%
Italie
74%
Portugal
74%
Belgique
73%
Pologne
63%
Suède
63%
Pays-Bas
62%
Luxembourg
54%
Finlande
51%
Grèce
49%
Danemark
47%
Estonie
43%
Slovaquie
43%
Lituanie
41%
Lettonie
40%
République tchèque
40%
Roumanie
40%
Hongrie
39%
Slovénie
39%
Bulgarie
38%
Croatie
36%
Aucun quiz correspondant
Distribution des résultats
% des personnes avec chaque résultat
Percentile par nombre de réponses
Votre historique - résultats
Vous n’avez pas pris ce quiz